Online Catalogue and eLibrary

Vedapuratthu viyaparigal (Record no. 4313)

MARC details
000 -LEADER
fixed length control field 00362nam a2200145Ia 4500
005 - DATE AND TIME OF LATEST TRANSACTION
control field 20250320213749.0
008 - FIXED-LENGTH DATA ELEMENTS--GENERAL INFORMATION
fixed length control field 240331s9999 xx 000 0 und d
082 ## - DDC Classification
Item Number - Author Mark PAR
Class No. 894
100 ## - MAIN ENTRY--PERSONAL NAME
Personal name Parthasarathy , I
245 #0 - TITLE STATEMENT
Title Vedapuratthu viyaparigal
260 ## - PUBLICATION, DISTRIBUTION, ETC.
Place of publication, distribution, etc. Madras
Name of publisher, distributor, etc. Tamil Puthakalayam
Date of publication, distribution, etc. 1994
300 ## - PHYSICAL DESCRIPTION
Extent (e.g. Volumes, Pages etc.) 244 p .,
500 ## - GENERAL NOTE
General note Tamil Social Novel
942 ## - Koha item type (Biblio)
Koha item type Books in Stacks (Lending)
Holdings
Lost status Damaged status Collection code Home library Current library Shelving location Date acquired Full call number Accession Number Item type
    Lending WERC Library WERC Library Social Science Cupboard 03/31/2024 894.811 PAR 4481 Books in Stacks (Lending)

© WERC Library